[Event "North Wales Congress Major"]
[Site "Llandudno"]
[Date "2019.06.22"]
[Round "2.37"]
[White "Smith, Andrew Pe"]
[Black "Lee, Michael A"]
[Result "1-0"]
[WhiteElo "1668"]
[BlackElo "1472"]
[Annotator "kemen"]
[PlyCount "33"]
[EventDate "2019.??.??"]

{[%evp 0,33,19,29,30,8,3,-5,31,-33,24,-3,31,-24,207,200,200,96,181,181,214,190,
202,134,268,167,173,219,428,773,882,675,991,1069,1019,1011]} 1. e4 e5 2. d4
exd4 3. Nf3 Nc6 4. Bc4 Be7 {Bl gets a slightly cramped position from this} (
4... Nf6) (4... Bc5 {main lines, both more active}) 5. O-O {64% for Wh} (5.
Nxd4 {60%}) (5. c3 {71%}) 5... d6 6. c3 (6. Nxd4 {main}) 6... Ne5 $2 (6... Nf6
$11) (6... dxc3 7. Qb3 $16) 7. Nxe5 $2 dxe5 8. Qb3 (8. Qh5 $18 {is stronger})
8... Bf6 (8... Be6 {had to be tried, which could survive} 9. Bxe6 fxe6 10. Qxe6
Qd6 $11 11. Qg4 Bf6 (11... Nf6 $15) 12. cxd4 Rd8 13. Nc3 $18 {Solti-Fabian,
Budapest FS08, 2009,1-0}) 9. Bxf7+ $18 Kf8 10. f4 Qe7 11. Bc4 c6 12. fxe5 Qxe5
13. Bf4 Qxe4 14. Nd2 (14. Bxg8 Rxg8 15. Bd6+ Ke8 16. Qxg8+ Kd7 17. Bg3 $18)
14... Qg6 15. Bd6+ (15. Bxg8) 15... Ne7 16. Rae1 Ke8 17. Bxe7 1-0

[Event "North Wales Congress Major"]
[Site "Llandudno"]
[Date "2019.06.22"]
[Round "2.38"]
[White "Roberts, Malcolm A"]
[Black "Lambert, John F"]
[Result "1/2-1/2"]
[WhiteElo "1616"]
[BlackElo "1788"]
[Annotator "kemen"]
[PlyCount "83"]
[EventDate "2019.??.??"]

{[%evp 0,83,19,25,76,40,51,45,75,70,54,38,43,33,33,24,38,-20,3,4,-5,-6,1,-5,21,
-39,-1,-18,22,-16,-8,-29,-26,-36,-5,-26,-27,-47,-47,-49,-44,-49,-8,-65,-67,-92,
-53,-52,-54,-41,-51,-51,-64,-59,-57,-64,-39,-49,-36,-32,-38,-38,-39,-38,-39,
-43,-55,-55,-51,-55,-55,-73,-78,-72,-13,-60,-17,-11,0,0,0,0,0,0,0,0]} 1. e4 c5
2. Nf3 Nc6 3. Nc3 g6 4. Bc4 (4. d4) 4... Bg7 5. a3 {preserving the B from
exchange} d6 6. d3 Nf6 7. h3 O-O 8. Ne2 (8. O-O {more flexible}) 8... Nd7 $146
(8... d5 $11 {Komodo13}) 9. c3 Nde5 10. Nxe5 Nxe5 11. Ba2 Bd7 (11... b5) 12.
O-O Rc8 13. Be3 Kh8 14. Ng3 Bb5 15. c4 {the Wh B is now not much use} (15. Bb1
{looks better, reserving d4 after a R move.}) 15... Bd7 16. Qd2 f5 (16... Bxh3
17. f4 (17. gxh3 Nf3+ $19) 17... Ng4 18. gxh3 Nxe3 19. Rf3 (19. Qxe3 Bd4 $19)
19... Bd4 20. Rxe3 e5 21. Rf1 Qh4 22. Ne2 Bxe3+ 23. Qxe3 f5 24. Qg3 Qxg3+ 25.
Nxg3 exf4 26. Rxf4 fxe4 27. Rxf8+ Rxf8 28. Nxe4 Rf3 29. Bb1 Rxh3 30. Kg2 Re3
31. Kf2 Rh3 32. Kg2 $11 {Komodo13}) 17. f4 Nc6 18. Rae1 Nd4 19. b4 b6 20. exf5
Bxf5 21. Nxf5 Nxf5 $17 22. Kh2 Nxe3 (22... Bd4 23. Bxd4+ Nxd4 {and Bl has a
wonderful N vs a near useless B}) 23. Qxe3 e5 24. fxe5 Rxf1 25. Rxf1 Bxe5+ 26.
Kh1 Qe7 $17 27. Qf3 Kg7 28. b5 {another pawn on the same colour as the B; so
it can't get out via a4 either} Rf8 {incautious as the opposite colour Bs
means that the Bl K has no entry} (28... Bd4 29. Bb3 Re8 30. Bd1 Qe3 $15) 29.
Qxf8+ Qxf8 30. Rxf8 Kxf8 31. g4 (31. Bb3) 31... Ke7 32. Kg2 Kf6 33. h4 Bc3 34.
Kf3 Ke5 35. h5 gxh5 36. gxh5 Kf5 37. Bb1 (37. d4 $1 $11 {liberates the B} cxd4
38. Bb1+ Kg5 39. Bxh7 Kxh5 40. a4 {and neither of the d pawns are going
anywhere}) 37... Kg5 38. d4 h6 39. Bg6 Kf6 40. dxc5 dxc5 41. Ke4 Ke6 42. a4
1/2-1/2

[Event "North Wales Congress Major"]
[Site "Llandudno"]
[Date "2019.06.22"]
[Round "2.39"]
[White "Doherty, Paul"]
[Black "Spencer, Elliott"]
[Result "1-0"]
[WhiteElo "1738"]
[BlackElo "1743"]
[Annotator "kemen"]
[PlyCount "103"]
[EventDate "2019.??.??"]

{[%evp 0,103,19,17,18,-16,28,48,45,50,86,88,80,25,41,-17,58,37,37,8,12,-21,12,
-17,37,-4,57,10,71,33,51,38,38,33,44,39,70,62,167,104,144,152,153,170,188,194,
199,155,242,227,213,212,215,163,157,152,151,141,156,115,115,80,113,2,47,-14,81,
14,47,38,68,39,101,68,75,78,80,75,104,80,73,82,75,64,163,163,213,146,250,137,
128,116,164,145,228,193,182,178,209,196,370,167,390,499,512,456]} 1. d4 Nf6 2.
c4 c5 3. d5 (3. e3 {Wells-Francis, same round, 1/2-1/2}) 3... e6 (3... b5 {
more frequent}) 4. Nc3 exd5 5. cxd5 d6 6. Bg5 (6. e4 {main, but Wh has in mind
a system played by Smyslov, where the e pawn is not as vulnerable as here.})
6... a6 7. a4 g6 8. Qc2 (8. e4 {still main move here}) 8... Bg7 9. e3 O-O 10.
Nf3 Re8 11. Be2 (11. Bd3) 11... Qc7 12. O-O b6 (12... Bf5) 13. Nd2 Nbd7 14.
Rfe1 (14. Nc4 $16 {Komodo13}) 14... Rb8 15. Bf4 Ne5 16. Rac1 Nfd7 17. e4 $11
Nf8 18. Bg3 Bd7 (18... g5 19. Nf1 Nfg6 $11) 19. h3 $16 (19. Bxa6 $18) 19... g5
20. Bxa6 $18 Nfg6 21. Nb5 Bxb5 22. Bxb5 Re7 23. Nb3 (23. Nf1 {aims for f5})
23... h6 (23... Qd8) 24. Nd4 Qd8 25. Nf5 Ra7 26. Nxg7 {the N is actually far
better than the B & can be the basis of a later K side attack} (26. Qd2 Kh7 27.
b3 Qf6 28. Rf1 $18 {preparing the attack}) 26... Kxg7 27. Qd2 Qf6 28. Rf1 Nf4
29. Bxf4 gxf4 30. Rc3 Kh7 {the Bl N is now much better than the B, & Wh will
struggle to make something from the extra pawn} 31. Qe2 Rg8 $11 32. Kh2 Qh4 (
32... f3 33. Rxf3 {only move} Nxf3+ 34. Qxf3 Qxf3 35. gxf3 f5 $15) 33. f3 Qg3+
(33... Rg3) 34. Kh1 Qh4 35. Bc6 Qd8 36. Rb3 Qc7 37. Qb5 Rb8 {Bl should keep up
the K side campaign} 38. Qe2 Qe7 39. Qd2 Qh4 40. Ra1 h5 41. a5 {at last some
activity for Wh, but it shouldn't be tgood at all} Ng6 (41... c4 $1 {Komodo13}
42. Rc3 Rxa5 (42... bxa5) 43. Raa3 Qg3 $17 {the Wh B is still a rather big pawn
}) 42. a6 $16 Qd8 43. Rba3 (43. e5 $1 dxe5 44. d6 $18 {Komodo13}) 43... b5 (
43... Qh4) 44. Bb7 (44. b4 $1 {keeps the b pawn back} cxb4 45. Qxb4 Ne5 46.
Bxb5 $18 {Komodo13}) 44... b4 45. Ra4 h4 (45... Qh4 46. Ra5 Ne5 47. Rb5 Rd8 48.
Qe1 Qf6 49. Bc6 Nd3 50. Qb1 Ne5 51. Rb7 $18 {Komodo13 nudged forward}) 46. b3 (
46. e5 $18) 46... f6 47. Qd3 Kh6 48. Re1 Ne5 49. Qd2 Kg5 {selfpins are often
dangerousdangerous} (49... Ng6) 50. Rg1 (50. g3 $1 $18 hxg3 51. Rg1 Ng6 52.
Rxg3+ Kh6 53. Rg4 Kh7 54. Qg2 $18 {Komodo13}) 50... Qh8 (50... Qd7 {holds up g3
}) 51. g3 $18 Kh6 52. Qxf4+ (52. Qxf4+ Kg7 (52... Kh7 53. gxh4 (53. Qxh4+ {
should work as well}) 53... Rg8 54. Raa1) 53. gxh4+ Kf8 54. Ra2 {and the Rs
pile in}) 1-0

[Event "North Wales Congress Major"]
[Site "Llandudno"]
[Date "2019.06.22"]
[Round "3.14"]
[White "Benson, Paul J"]
[Black "Davies, Sam"]
[Result "1/2-1/2"]
[WhiteElo "1849"]
[BlackElo "1693"]
[Annotator "kemen"]
[PlyCount "51"]
[EventDate "2019.??.??"]

{[%evp 0,51,26,25,54,26,43,20,71,66,60,44,34,-22,-8,-15,-18,-2,15,9,94,64,88,
90,79,90,88,59,69,51,49,61,77,77,83,104,101,82,105,91,98,99,92,92,130,66,74,80,
80,78,71,71,71,72]} 1. e4 e6 2. d4 d5 3. Nc3 Nf6 4. e5 Nfd7 5. Nf3 (5. f4 c5 6.
dxc5 Nc6 7. a3 Bxc5 8. Qg4 Bxg1 9. Qxg7 Qb6 10. Qxh8+ Ke7 11. Nd1 {R van
Kemenade- Benson, Isle of Man 2000,1-0}) 5... c5 6. dxc5 Bxc5 7. Bd3 Nc6 8. Bf4
Qb6 9. O-O Nb4 (9... Qxb2 10. Nb5 O-O 11. Bxh7+ $18 {Cloud Engines & games})
10. Na4 {main} (10. Be2 {also played}) 10... Qc6 11. Nxc5 Qxc5 12. a3 (12. Re1
Nxd3 13. cxd3 Qb4 14. Qd2 Qxd2 15. Bxd2 Nc5 16. d4 $14 {Diaz Herrero-Sanz
Rodero, Bizkaia ch U67, Bilbao 2006,1/2-1/2}) (12. c3 Nxd3 13. Qxd3 Qb6 14. b4
Nf8 15. Nd4 $11 {Guadamuro Torrente-Perez Gonzales,ESP ch women, Novetle 2008,
1-0}) 12... Nxd3 13. Qxd3 (13. cxd3) 13... a6 14. b4 Qc7 15. Rfc1 b5 16. a4 Rb8
17. axb5 axb5 18. Ra5 $16 Qc4 19. Qxc4 bxc4 20. c3 Nb6 21. Be3 O-O 22. Bxb6 (
22. Bc5 Rd8 23. Nd4 Bd7 24. Rca1 $18 {Komodo13}) 22... Rxb6 23. Rca1 f6 24. Ra7
Rf7 25. Ra8 Rf8 26. R8a7 $16 1/2-1/2

[Event "North Wales Congress Major"]
[Site "Llandudno"]
[Date "2019.06.22"]
[Round "3.21"]
[White "Lee, James"]
[Black "Pinch, David"]
[Result "1/2-1/2"]
[WhiteElo "1885"]
[BlackElo "1673"]
[Annotator "kemen"]
[PlyCount "58"]
[EventDate "2019.??.??"]

{[%evp 0,58,33,27,28,24,61,63,69,22,23,32,12,2,38,23,18,20,47,53,41,51,44,13,
39,42,12,18,14,-18,-1,-5,2,-25,7,-4,27,6,22,2,9,15,84,10,25,28,29,-35,-42,-166,
-149,0,0,0,0,0,0,0,0,0,0]} 1. d4 d5 2. Nf3 c6 3. Bf4 Bf5 4. c4 Nf6 5. Nc3 e6 6.
c5 (6. e3) (6. Qb3) 6... Nbd7 7. e3 Be7 8. Bd3 (8. Be2) 8... Bg6 (8... Bxd3 {
main}) 9. O-O Nh5 10. Bxg6 (10. b4 {1/2}) (10. h3 {1/2 played}) 10... hxg6 11.
Ne5 Nxe5 12. Bxe5 f6 13. Bg3 Nxg3 14. hxg3 (14. fxg3) 14... f5 15. b4 Kf7 16.
f3 Rh5 (16... a5 $15) 17. Kf2 Qh8 18. Rh1 (18. b5) 18... Qh6 19. Ne2 Rh8 (19...
Rxh1 20. Qxh1 Qxh1 21. Rxh1 a5 $11) 20. Rxh5 Qxh5 (20... gxh5 $11 {Komodo13})
21. Nf4 $16 (21. b5 $16) 21... Qh7 22. a4 (22. b5) (22. Nd3) 22... Bf6 23. a5
e5 (23... g5 $15) (23... a6 $11) 24. Nxd5 $5 (24. dxe5 Bxe5 25. a6 $1 $18 {
Komodo13}) 24... cxd5 25. dxe5 Bxe5 26. Qxd5+ Kf6 27. f4 Bxa1 28. Qd6+ Kf7 29.
Qd7+ Kf6 $11 1/2-1/2

[Event "North Wales Congress Major"]
[Site "Llandudno"]
[Date "2019.06.22"]
[Round "3.22"]
[White "Williams, Duncan"]
[Black "Taylor, Robert P"]
[Result "1/2-1/2"]
[WhiteElo "1750"]
[BlackElo "1673"]
[Annotator "kemen"]
[PlyCount "67"]
[EventDate "2019.??.??"]

{[%evp 0,67,19,21,43,43,30,43,26,34,36,35,40,12,49,18,56,19,14,16,46,13,68,51,
60,0,-11,4,4,12,16,-57,-65,-75,-60,-73,-12,-9,11,-3,87,58,60,48,34,30,46,42,21,
-23,-28,-5,20,5,3,-2,5,-19,-3,-4,-19,-10,-7,-93,-2,-24,-9,2,11,11]} 1. e4 e6 2.
d4 d5 3. Nc3 Nf6 4. Bg5 dxe4 5. Nxe4 Be7 6. Bxf6 Bxf6 7. Nf3 Nd7 8. Bd3 O-O 9.
Qd2 (9. Qe2) 9... g6 (9... b6) 10. Nxf6+ (10. O-O-O Bg7 11. g4 {
Lewis-Fernandez, LSS email 2011,1-0}) 10... Qxf6 11. O-O-O c5 (11... e5 $11 {
Komodo13}) 12. c3 (12. h4 cxd4 13. h5 Nc5 14. Ng5 h6 15. Ne4 Nxe4 16. Bxe4 g5
17. Qxd4 Kg7 18. g3 Qxd4 19. Rxd4 Rb8 {Vicek-Dobrotka SVK ch tm 2002,1/2-1/2})
12... cxd4 13. Nxd4 Ne5 (13... Nc5 14. Bc2 e5) 14. Bc2 Bd7 15. f4 (15. h4)
15... Nc4 $17 16. Qf2 e5 17. Ne2 Nb6 (17... Bg4 $15) 18. Qg3 $11 exf4 19. Nxf4
Kh8 20. Rhf1 Qg7 21. Rd4 Bc6 22. Rfd1 Rfe8 23. h4 Qe5 24. Rd8 Raxd8 25. Rxd8
Qe7 26. Rxe8+ Qxe8 27. Qf2 Qe7 28. Qd4+ Kg8 29. h5 Qg5 30. hxg6 hxg6 31. g3 (
31. Qd2 $11) 31... Nd5 (31... Qxg3 $15) 32. Qf2 Nxf4 33. gxf4 Qg2 34. Qxg2
1/2-1/2

[Event "North Wales Congress Major"]
[Site "Llandudno"]
[Date "2019.06.22"]
[Round "3.24"]
[White "Connor, Michael I"]
[Black "Cawston, M John"]
[Result "0-1"]
[WhiteElo "1639"]
[BlackElo "1813"]
[Annotator "kemen"]
[PlyCount "88"]
[EventDate "2019.??.??"]

{[%evp 66,66,-1069]} 1. d4 Nf6 2. c4 Nc6 3. g3 (3. Nf3) (3. Nc3) 3... e5 4. e3
(4. d5 {main}) (4. Nf3) 4... Bb4+ 5. Bd2 (5. Nc3 {2 games each}) 5... exd4 (
5... Bxd2+ 6. Qxd2 O-O 7. d5 Ne7 8. Nc3 d6 9. Bg2 Bd7 10. Nf3 Ng6 11. O-O Nh5
12. b4 f5 {Simunic-Levacic, CRO ch tm U16, Nasice 2017,0-1}) 6. exd4 Qe7+ 7.
Qe2 Bxd2+ 8. Nxd2 Nxd4 (8... Qxe2+ 9. Bxe2 (9. Nxe2 Nb4 10. Kd1 Ng4 $19) 9...
Nxd4 $17) 9. Qxe7+ Kxe7 $17 10. Bd3 Re8 11. O-O-O Kf8 12. Nh3 d6 (12... d5 $19)
13. Nf4 Bg4 (13... Ng4) 14. Rde1 Nf3 15. Rxe8+ Rxe8 16. Nb3 Ne5 17. h4 (17. Kc2
) 17... Nxd3+ (17... h6) 18. Nxd3 Bf3 (18... Be2 19. Kc2 Ng4 $19 {Komodo13})
19. Re1 Rxe1+ 20. Nxe1 Be2 21. Nd2 Ng4 22. f3 Ne3 23. b3 Nf5 (23... Ke7) 24.
Ne4 Nd4 25. f4 Bg4 26. Kd2 f5 27. Nc3 c6 28. Ke3 Ne6 29. Nd3 Ke7 30. b4 a6 31.
a4 Bh3 32. Kf2 Nd4 33. Ke3 Ne6 34. Kf2 Nc7 35. Nd1 b5 36. axb5 axb5 37. c5 Nd5
$17 38. Ne3 Nxe3 (38... Nf6 $19) 39. Kxe3 Bf1 40. cxd6+ Kxd6 41. Ne5 c5 42. Kd2
cxb4 43. Kc2 Bc4 44. Kd2 Kc5 0-1

[Event "North Wales Congress Major"]
[Site "Llandudno"]
[Date "2019.06.22"]
[Round "3.25"]
[White "Williamson, Graham A"]
[Black "Bush, Ian"]
[Result "1-0"]
[WhiteElo "1789"]
[BlackElo "1578"]
[Annotator "kemen"]
[PlyCount "71"]
[EventDate "2019.??.??"]

{[%evp 0,71,45,27,27,-3,72,53,31,31,33,20,4,-2,38,45,31,31,50,8,17,6,48,-7,38,
57,56,45,52,39,42,4,22,4,71,86,86,86,132,59,64,46,182,44,81,38,44,66,77,87,87,
54,118,129,234,214,300,196,255,233,241,227,232,232,385,270,361,368,343,267,343,
316,643,648]} 1. d4 Nf6 2. Bf4 g6 3. e3 Bg7 4. Nf3 d6 5. c3 O-O 6. Bc4 (6. h3)
(6. Be2) 6... c6 (6... Nbd7) 7. Nbd2 d5 $146 {here, though transposes} (7...
Nbd7) (7... b5) 8. Bd3 Nbd7 9. Qc2 (9. O-O) 9... c5 10. O-O $146 (10. h4) (10.
b3 {played}) 10... b6 (10... Nh5) 11. e4 c4 12. Be2 Bb7 13. e5 Ne8 14. Bg3 (14.
h4 $16) 14... Nc7 15. Ng5 Bh6 16. Ndf3 f6 17. exf6 Rxf6 18. h4 $18 Bc8 19. h5 (
19. b3) 19... Nf8 20. Be5 Rc6 (20... Bf5) 21. Kh2 (21. Qc1) 21... Bf5 22. Qd1
Nce6 23. Nxe6 Nxe6 24. hxg6 Bxg6 25. Rh1 Bf4+ 26. Kg1 $18 Bxe5 27. Nxe5 Rcc8
28. Nxg6 (28. Bh5 $18) 28... hxg6 29. Bg4 Rc6 30. Qd2 Qf8 31. Re1 Nf4 32. Re3
Rf6 33. g3 Nd3 34. f3 (34. Be6+ $18) 34... Kg7 35. Qh2 Qh8 (35... Kf7 36. Qe2
Ke8 37. Be6 $18 {Komodo13}) 36. Rxe7+ 1-0

[Event "North Wales Congress Major"]
[Site "Llandudno"]
[Date "2019.06.22"]
[Round "3.26"]
[White "Williams, Raymond"]
[Black "Dean, Robert A"]
[Result "1/2-1/2"]
[WhiteElo "1607"]
[BlackElo "1807"]
[Annotator "kemen"]
[PlyCount "72"]
[EventDate "2019.??.??"]

{[%evp 0,72,26,17,47,30,55,26,-13,-6,-6,4,-11,-9,27,-4,0,9,5,7,-4,0,0,25,25,0,
0,1,16,2,0,-359,-323,-422,-379,-489,-495,-495,-250,-230,-221,-221,-169,-181,
-52,-239,-113,-108,0,75,342,-37,-107,-136,-105,-169,0,-168,-174,-34,0,0,0,0,0,
0,0,0,0,0,0,0,0,0,0]} 1. e4 e6 2. d4 d5 3. Nd2 Nf6 4. e5 Nfd7 5. Bd3 c5 6. c3
Nc6 7. Ngf3 (7. Ne2) (7. Ndf3 {alternatives}) 7... Qb6 8. O-O cxd4 9. cxd4 Nxd4
10. Nxd4 Qxd4 11. Nf3 Qb6 12. Qa4 Bc5 (12... Qb4 13. Qc2 {main}) 13. Qg4 g6 14.
b3 (14. Rb1) (14. a3) 14... Qb4 (14... Nxe5 15. Nxe5 Bd4 16. Qf4 (16. Bb5+ $18
{Komodo13}) 16... f6 17. Qxf6 {2-0}) 15. Qg3 (15. Bf4 $11) 15... Qc3 $17 16.
Bb5 Qxa1 $19 17. Be3 Qc3 18. Rc1 Qb2 (18... Qxe3 $19 {Komodo13}) 19. Rxc5 a6
20. Bxd7+ Bxd7 21. h3 Rc8 (21... O-O $15) 22. Qg5 Qb1+ 23. Kh2 Qf5 (23... O-O
$11) 24. Qh6 $18 Rxc5 25. Bxc5 (25. Qg7 $1 {correct follow-up} Kd8 26. Qxh8+
Kc7 27. Bxc5) 25... Kd8 26. Qh4+ Kc8 27. Qb4 Qe4 28. Qc3 Kb8 29. Bd6+ Ka8 30.
Qc7 Qf4+ 31. Kh1 Rc8 32. Qxd7 Rc1+ 33. Ng1 Rxg1+ 34. Kxg1 Qc1+ 35. Kh2 Qf4+ 36.
Kh1 Qc1+ 1/2-1/2

[Event "North Wales Congress Major"]
[Site "Llandudno"]
[Date "2019.06.22"]
[Round "3.27"]
[White "Gamble, Raymond J"]
[Black "Parri, Deio"]
[Result "1/2-1/2"]
[WhiteElo "1852"]
[BlackElo "1651"]
[Annotator "kemen"]
[PlyCount "86"]
[EventDate "2019.??.??"]

{[%evp 0,86,26,26,23,18,18,12,19,9,15,10,6,11,15,9,8,8,2,-4,-6,-7,-7,-2,-6,-20,
6,0,1,-10,8,0,9,4,4,0,-3,-15,-13,-16,-15,-35,-11,-14,7,0,35,34,58,56,61,61,86,
87,103,94,104,85,105,89,135,131,229,156,144,150,154,154,143,146,127,122,124,
124,108,120,127,128,147,142,578,139,139,120,120,85,119,129,137]} 1. d4 d5 2.
Nf3 Nf6 3. e3 e6 4. Bd3 Be7 5. Nbd2 O-O 6. O-O Nbd7 7. e4 {the original Colle
motif} dxe4 8. Nxe4 Nxe4 9. Bxe4 Nf6 10. Bd3 b6 11. c3 (11. Qe2) 11... Bb7 12.
Qe2 h6 (12... c5 {main}) 13. Bf4 (13. Rd1 {2-0}) 13... Bd6 14. Bxd6 $146 (14.
Ne5 {6 Wh wins, 2 draws,1 Bl win}) (14. Be5 {o.5-1.5}) 14... cxd6 15. Rfe1 Qd7
$11 16. Rad1 a6 17. h3 b5 18. a3 Rac8 19. Nh2 Rfe8 20. Bb1 Qc6 21. f3 Qc7 22.
Ng4 Qe7 (22... Nd5) 23. Qd3 g6 (23... Kf8) 24. Nxh6+ $16 Kg7 25. Ng4 Nxg4 26.
fxg4 (26. hxg4 Rh8 $11) 26... Bd5 27. Qg3 $16 Rh8 28. Rd2 Rce8 29. Rf2 (29.
Rde2) 29... Bc4 30. Bd3 d5 (30... Bxd3 31. Qxd3 Rhf8 32. Qe4 $16 {\Komodo13})
31. Ref1 (31. Bc2 $18 {threatens the B with b3} b4 32. axb4 $18) 31... Ref8 32.
Bxc4 bxc4 33. g5 $18 (33. Qe5+ Kg8 (33... f6 34. Rxf6 Rxf6 35. g5 $18) 34. Rf6
$18 {Komodo13}) 33... Rh5 34. Qe5+ (34. Rf6) 34... Kg8 35. Rf6 Rh4 36. R1f4 (
36. Qg3 Rh7 37. h4 $18 {Bl can only sit wait while Wh prepares a breakthrough})
36... Rh7 37. h4 a5 38. g3 a4 39. Rf2 Ra8 (39... Qb7) 40. Qe2 (40. h5 $18 gxh5
(40... Rxh5 41. Rxf7 Qxf7 42. Rxf7 Kxf7 43. Qf6+) 41. g6 $18 {Komodo13}) 40...
Rf8 41. Qc2 Ra8 42. Rh2 Qc7 43. Qf2 e5 (43... e5 44. h5 $1 $18 gxh5 45. g6 fxg6
46. Qf3 $1 (46. Rxg6+ Rg7 47. Qf5 Qf7 48. Rxg7+ Qxg7 49. Qe6+ Qf7 50. Qxe5 Re8
51. Qg5+ Qg7 52. Qxd5+ Qf7 53. Qg5+ (53. Qxf7+ Kxf7 54. Rxh5) 53... Qg7 54.
Rxh5 Qxg5 55. Rxg5+ Kf7 56. Rb5 $18) 46... Kg7 47. Rf2 Qd8 48. dxe5 $18 {
Komodo13}) 1/2-1/2

[Event "North Wales Congress Major"]
[Site "Llandudno"]
[Date "2019.06.22"]
[Round "3.28"]
[White "Boulden, David"]
[Black "Lloyd, Stephen M"]
[Result "1-0"]
[WhiteElo "1825"]
[BlackElo "1526"]
[Annotator "kemen"]
[PlyCount "45"]
[EventDate "2019.??.??"]

{[%evp 0,45,26,26,29,16,18,2,38,25,25,20,36,24,21,31,60,44,51,28,45,37,40,70,
70,75,75,-19,90,132,126,45,43,45,37,22,206,213,244,149,152,101,29989,29990,
29995,29996,29997,29998]} 1. d4 Nf6 2. Nc3 d5 3. Bg5 Ne4 (3... Nbd7) (3... e6 {
main lines}) 4. Nxe4 dxe4 5. c3 (5. e3 {main}) 5... h6 6. Bh4 Nd7 $146 (6... c6
) (6... Bf5) 7. Qc2 g5 8. Bg3 f5 (8... Nf6 9. e3 $16) 9. f3 Nf6 10. e3 e6 11.
fxe4 Nxe4 12. Be5 Nf6 13. Be2 (13. e4 $18 {Komodo13}) 13... g4 14. Bxg4 Bd6 15.
O-O-O (15. Bh5+ $4) 15... Nxg4 16. Bxh8 Nxe3 17. Qe2 Qh4 (17... Nxd1 18. Kxd1
Qe7 $14 {Komodo13}) 18. Nf3 $18 Qe4 19. Ne5 (19. Rde1) 19... Bxe5 20. dxe5 Bd7
21. Qh5+ Kd8 22. Bf6+ Kc8 23. Qe8+ 1-0

[Event "North Wales Congress Major"]
[Site "Llandudno"]
[Date "2019.06.22"]
[Round "3.29"]
[White "Hirst, Joe"]
[Black "Fisher, Peter S"]
[Result "1-0"]
[WhiteElo "1604"]
[BlackElo "1788"]
[Annotator "kemen"]
[PlyCount "93"]
[EventDate "2019.??.??"]

{[%evp 0,93,80,11,103,84,69,77,70,48,30,27,75,37,74,59,58,45,123,30,22,14,14,
19,51,19,56,-92,43,22,29,-3,86,80,54,12,-7,-4,4,-9,-17,-17,-48,-111,0,-43,-22,
-47,1,-9,0,0,-73,-79,92,130,130,79,165,68,219,248,249,226,241,211,347,349,417,
401,466,493,856,259,310,152,189,175,173,196,237,163,163,163,163,174,206,171,
179,161,176,142,29993,29994,29995,29996]} 1. e4 c5 2. Nf3 d6 3. d4 cxd4 4. Nxd4
Nf6 5. Nc3 a6 6. Be2 e6 7. O-O Be7 8. Be3 b5 9. a3 Bb7 10. f3 O-O 11. Qe1 Qc7 (
11... Nbd7) 12. Qg3 Re8 13. Bh6 $146 (13. Rad1 Nbd7) 13... Bf8 14. Bg5 Be7 15.
Bd3 Qc5 16. Be3 Qc7 17. f4 Nbd7 18. Qf3 Nb6 $15 19. g4 Nc4 20. Bxc4 Qxc4 21. g5
Nd7 (21... e5 $17 {Stockfish9 & Komodo13}) 22. h4 Rac8 23. h5 f5 (23... Nc5 $17
) 24. Nxe6 (24. Qh3 $11) 24... Qxe6 $17 25. exf5 Bxf3 26. fxe6 Nc5 (26... Ne5
$1 27. fxe5 {Komodo13} Bxh5 $17) 27. Rxf3 $16 Nxe6 28. Rf2 (28. Nd5 $16 Rxc2
29. f5 $18 {Komodo13}) 28... Nc7 29. Rd1 (29. Bb6 Na8 30. Bd4 Nc7 31. Re1 $18 {
Komodo13}) 29... Rcd8 30. Bb6 $18 Rc8 31. Bxc7 Rxc7 32. Nd5 {the N controls
play} Rd7 33. Re2 Kf8 34. Rde1 Kf7 35. f5 a5 36. f6 (36. g6+ hxg6 37. hxg6+ Kf8
38. Rh2 $18 {Komodo13}) 36... gxf6 37. Nxf6 (37. g6+ hxg6 38. hxg6+ {
Stockfish9 & Komodo13}) 37... Bxf6 38. Rxe8 Bxb2 39. Rb8 Bxa3 40. Rxb5 Bc5+ 41.
Kg2 a4 42. Ra5 a3 43. Ra4 Rb7 44. Rf4+ (44. Kf3) 44... Kg7 45. Kg3 Ra7 (45...
h6 46. g6 Ra7 47. Kg4 $18 {Komodo13}) 46. h6+ Kg6 47. Kg4 {mating} 1-0

[Event "North Wales Congress Major"]
[Site "Llandudno"]
[Date "2019.06.22"]
[Round "3.30"]
[White "Rajagopal, Juan"]
[Black "Carlucci, Paul A"]
[Result "0-1"]
[WhiteElo "1600"]
[BlackElo "1769"]
[Annotator "kemen"]
[PlyCount "63"]
[EventDate "2019.??.??"]

{[%evp 0,63,26,29,18,-21,5,4,22,28,41,19,24,-3,34,28,69,53,56,-16,-24,-24,8,
-37,-27,-25,-21,-37,-37,-34,0,0,0,-12,-11,-4,-3,-3,0,-82,-84,-311,-84,-206,
-206,-298,-166,-532,-213,-520,-514,-513,-530,-548,-548,-621,-732,-779,-779,
-800,-602,-878,-839,-29995,-29996,-29997]} 1. d4 Nf6 2. c4 e6 3. Nf3 b6 4. Nc3
Bb7 5. Bg5 (5. a3) 5... Be7 6. Qc2 d5 7. e3 Ne4 (7... Nbd7) (7... O-O) 8. Bxe7
Qxe7 9. Nxe4 (9. cxd5) 9... dxe4 10. Nd2 f5 (10... O-O 11. Nxe4 Bxe4 12. Qxe4
Qb4+ 13. Kd1 Qxb2 14. Qb1 Qxf2 15. Qe4 Nd7 16. Be2 Qf6 17. Rf1 Qh6 18. Rf3 {
Blaschke-Hohmann, NRW ch tm U18, 1994,1/2-1/2}) 11. Be2 (11. O-O-O Nd7 12. f3
Nf6 13. Be2 O-O 14. Nb3 Rfd8 15. Rd2 c5 16. Rhd1 {Klose-Luebbers,Bayern ch
Seniors, Schloss Schey 1999,1/2-1/2}) 11... O-O 12. O-O Nd7 13. Rac1 c5 $11 14.
Nb3 Nf6 15. dxc5 bxc5 16. Na5 Rad8 17. Rfd1 Ba8 18. h3 e5 19. f3 $2 (19. b4 $11
) 19... exf3 (19... Nh5 $19) 20. gxf3 g6 (20... Nh5 $19) (20... Ne4 $19) 21. b4
Nh5 22. Rxd8 Rxd8 23. Kh2 Qh4 (23... Qg5) 24. Rg1 Qf2+ (24... e4 $1) 25. Rg2
Qxe3 26. Qxf5 Nf4 27. bxc5 Nxg2 28. Qe6+ Kg7 29. Qe7+ Kh6 30. Qxd8 Qxe2 31. c6
Nh4+ 32. Kg3 0-1